[Event "ch-MGL 2017"]
[Site "masterchessopen.com Dadal MGL"]
[Date "2017.03.24"]
[Round "10.4"]
[White "Bilguun,Sumiya"]
[Black "Enkhnar,E"]
[Result "1-0"]
[WhiteElo "2444"]
[BlackElo "2447"]

1.e4 c5 2.Nf3 d6 3.d4 cxd4 4.Nxd4 Nf6 5.Nc3 Nc6 6.Bg5 e5 7.Ndb5 a6 8.Na3 b5
9.Nd5 Be7 10.Bxf6 Bxf6 11.c4 Qa5+ 12.Qd2 b4 13.Nc2 O-O 14.Ndxb4 Nxb4 15.Nxb4
Rb8 16.a3 Be6 17.Be2 Rfc8 18.O-O Qb6 19.Rab1 Bxc4 20.Bxc4 Rxc4 21.Qe2 Qb5
22.Nd5 Bd8 23.b3 Rb4 24.Qxb5 R4xb5 25.b4 g6 26.a4 R5b7 27.Rbc1 Bg5 28.Rc4 f5
29.f3 Bd2 30.Rb1 Rf8 31.Rc2 Bg5 32.Rc6 a5 33.b5 Rd7 34.b6 Rb8 35.Rb5 fxe4
36.fxe4 Rf7 37.Rc7 Bd8 38.Ra7 Rxb6 39.Ra8 {#r} 1-0

[Event "ch-MGL 2017"]
[Site "masterchessopen.com Dadal MGL"]
[Date "2017.03.24"]
[Round "10.5"]
[White "Batchuluun,T"]
[Black "Galmandakh,Badrakh"]
[Result "1-0"]
[WhiteElo "2522"]
[BlackElo "2256"]

1.d4 d6 2.Nf3 Nf6 3.c4 g6 4.Nc3 Bg7 5.e4 O-O 6.Be2 e5 7.O-O Nc6 8.d5 Ne7 9.Ne1
Ne8 10.Be3 f5 11.f3 f4 12.Bf2 g5 13.c5 Rf6 14.cxd6 Nxd6 15.Nd3 Rh6 16.Nc5 Qe8
17.Ne6 Qh5 18.h3 Ng6 19.Re1 Nf8 20.Nxg7 Kxg7 21.Bf1 Nd7 22.Nb5 Nxb5 23.Bxb5
Nf6 24.Bf1 g4 25.fxg4 Bxg4 26.Be2 Bxe2 27.Qxe2 Qg6 28.Qf3 Kh8 29.Rac1 Qg7
30.Re2 Rg8 31.Kf1 Rg6 32.Bh4 Nxe4 33.Qxe4 f3 34.Rf2 fxg2+ 35.Kg1 Qh6 36.Qxe5+
R6g7 37.Rc4 Qb6 38.Rg4 {#r} 1-0

[Event "ch-MGL 2017"]
[Site "masterchessopen.com Dadal MGL"]
[Date "2017.03.24"]
[Round "10.6"]
[White "Ganerdene,Sugar"]
[Black "Amartuvshin,Ganzorig"]
[Result "1-0"]
[WhiteElo "2063"]
[BlackElo "2158"]

1.e4 c5 2.Nf3 e6 3.d4 cxd4 4.Nxd4 Nc6 5.Nc3 Qc7 6.Be2 a6 7.O-O Nf6 8.Be3 Be7
9.f4 d6 10.Bf3 O-O 11.Qd2 Nxd4 12.Bxd4 e5 13.Bf2 b5 14.Rac1 Bb7 15.Rfe1 Rad8
16.Nd5 Nxd5 17.exd5 f5 18.c4 bxc4 19.Be2 e4 20.Bxc4 Qb8 21.Bd4 Bf6 22.b3 Rc8
23.Re3 Qc7 24.Rec3 Bxd4+ 25.Qxd4 Qa5 26.b4 Qxb4 27.Rb3 Rxc4 28.Rxb4 Rxc1+
29.Kf2 Rc2+ 30.Kg3 Bc8 31.Rc4 Rxc4 32.Qxc4 e3 33.Kf3 Re8 34.Ke2 Bd7 35.Qxa6 g5
36.Qb7 Ba4 37.fxg5 f4 38.h4 Re5 39.Qb8+ Re8 40.Qb7 Re5 41.h5 Be8 42.Qb8 Kg7
43.Qc7+ Kg8 44.Qd8 h6 45.g6 Kf8 46.Qxd6+ Re7 47.g7+ {#r} 1-0

[Event "ch-MGL Women 2017"]
[Site "masterchessopen.com Dadal MGL"]
[Date "2017.03.24"]
[Round "10.1"]
[White "Lkhamsuren,U"]
[Black "Anu,B"]
[Result "1-0"]
[WhiteElo "2189"]
[BlackElo "2043"]

1.d4 Nf6 2.c4 c5 3.d5 e6 4.Nc3 exd5 5.cxd5 g6 6.Nf3 d6 7.g3 Bg7 8.Bg2 O-O
9.O-O Re8 10.h3 a6 11.a4 Ne4 12.Nxe4 Rxe4 13.Nd2 Rb4 14.Qc2 b5 15.axb5 a5
16.Nc4 Rxb5 17.Bf4 Na6 18.Bxd6 Nb4 19.Qd2 Bb7 20.e4 Bd4 21.Be5 f5 22.Bxd4 cxd4
23.Na3 Rb6 24.Qxd4 fxe4 25.Bxe4 Qf6 26.Rfd1 Rd8 27.Nc4 Qxd4 28.Rxd4 Rb5
29.Rxa5 Ba6 30.Rxb5 Bxb5 31.Na3 {#r} 1-0

[Event "ch-MGL Women 2017"]
[Site "masterchessopen.com Dadal MGL"]
[Date "2017.03.24"]
[Round "10.2"]
[White "Batchimeg,Tuvshintugs"]
[Black "Ulziikhishigjargal,Ochirkhuyag"]
[Result "1-0"]
[WhiteElo "2403"]
[BlackElo "1956"]

1.d4 Nf6 2.c4 e6 3.Nc3 d5 4.cxd5 exd5 5.Bg5 c6 6.Qc2 Be7 7.e3 h6 8.Bf4 O-O
9.Bd3 Nbd7 10.h3 a6 11.Nf3 Bb4 12.O-O Qe7 13.a3 Bxc3 14.bxc3 b5 15.a4 Bb7
16.Nh4 Nb6 17.Nf5 Qd7 18.Be5 Ne8 19.Nxh6+ Kh8 20.Nf5 f6 21.Bg3 Nxa4 22.Qe2 Qf7
23.Qg4 g6 24.Nh4 g5 25.Bg6 Qg7 26.Qh5+ Kg8 27.Nf5 Qh8 28.Bxe8 {#r} 1-0

[Event "ch-MGL Women 2017"]
[Site "masterchessopen.com Dadal MGL"]
[Date "2017.03.24"]
[Round "10.3"]
[White "Khulan,Enkhsaikhan"]
[Black "Nomindalai,Tumurbaatar"]
[Result "1-0"]
[WhiteElo "1982"]
[BlackElo "1804"]

1.c4 Nf6 2.g3 Nc6 3.Bg2 e5 4.Nf3 Bc5 5.O-O d6 6.Nc3 O-O 7.Na4 Bg4 8.Nxc5 dxc5
9.d3 h6 10.Re1 Qe7 11.h3 Be6 12.Kh2 Rad8 13.Qa4 Bd7 14.Qb3 b6 15.Bd2 Bc8
16.Bc3 Qe6 17.Rad1 Nd4 18.Nxd4 cxd4 19.Bd2 Qf5 20.f3 Qg6 21.g4 h5 22.Rg1 Nd7
23.Bh1 h4 24.Qc2 Nc5 25.f4 Rde8 26.f5 Qd6 27.Rdf1 f6 28.b4 Nd7 29.Bd5+ Kh8
30.Be4 Nb8 31.Qc1 Nc6 32.Qe1 {#r} 1-0

[Event "ch-MGL Women 2017"]
[Site "masterchessopen.com Dadal MGL"]
[Date "2017.03.24"]
[Round "10.5"]
[White "Amina,Battsooj"]
[Black "Munkhzul,Turmunkh"]
[Result "1-0"]
[WhiteElo "2190"]
[BlackElo "2075"]

1.e4 e5 2.Nf3 Nc6 3.Bc4 Bc5 4.O-O Nf6 5.d3 O-O 6.c3 d5 7.exd5 Nxd5 8.a4 Nb6
9.Bb5 Bd6 10.Re1 Bg4 11.h3 Bh5 12.a5 Nd7 13.a6 Ne7 14.axb7 Rb8 15.Bxd7 Bxf3
16.Qxf3 Qxd7 17.Rxa7 Nc6 18.Ra6 Nd8 19.Nd2 Nxb7 20.Nc4 e4 21.dxe4 Qb5 22.Nxd6
Qxa6 23.Nf5 Kh8 24.Qg3 Qf6 25.Qxc7 Rfc8 26.Qg3 Nc5 27.Bg5 Qe6 28.Bf4 g6
29.Bxb8 gxf5 30.Be5+ f6 31.exf5 Qxf5 32.Bd4 Nb3 33.Qd6 Nxd4 34.Qxd4 Rg8 35.b4
Qf3 36.g3 Rb8 37.Re6 Rf8 38.Re7 Ra8 39.c4 Rg8 40.Qe4 Qxe4 41.Rxe4 Rb8 42.c5
Kg7 43.c6 Kf7 44.c7 Rc8 45.Rc4 Ke6 46.b5 Kd5 47.Rc2 {#r} 1-0

[Event "179th YMCA Winter A 2017"]
[Site "masterchessopen.com Warsaw POL"]
[Date "2017.03.24"]
[Round "11"]
[White "Praczukowski,Stanislaw"]
[Black "Choroszej,A"]
[Result "0-1"]
[WhiteElo "2065"]
[BlackElo "1964"]

1.d4 g6 2.c4 Bg7 3.Nf3 d6 4.Nc3 Nf6 5.e4 O-O 6.Be2 e5 7.d5 h6 8.O-O a5 9.Qc2
Na6 10.a3 Bd7 11.Rb1 a4 12.Ne1 Nc5 13.f3 Nh5 14.Nd3 Nb3 15.Be3 f5 16.exf5 gxf5
17.f4 Qe8 18.Rbe1 e4 19.Nc1 Nc5 20.Qd2 Qg6 21.Bd4 Nf6 22.Bd1 Kh7 23.Re3 Rg8
24.Rg3 Qf7 25.Re1 Bh8 26.Ree3 b6 27.Be2 Rae8 28.Kh1 Ra8 29.Bd1 Rae8 30.Be2 Ra8
31.Nd1 Rab8 32.Qc3 b5 33.Qd2 bxc4 34.Bxc4 Ng4 35.Re2 e3 36.Rgxe3 Nxe3 37.Nxe3
Ne4 38.Qd3 Bxd4 39.Qxd4 Qf6 40.Qxf6 Nxf6 41.Bd3 Rge8 42.Nxf5 Rxe2 43.Nxe2 Bb5
44.Nc1 Bxd3 45.Nxd3 Nxd5 46.Nd4 c5 {#R} 0-1

[Event "179th YMCA Winter A 2017"]
[Site "masterchessopen.com Warsaw POL"]
[Date "2017.03.24"]
[Round "11"]
[White "Piotrowski,A"]
[Black "Szymczak,Ra"]
[Result "1-0"]
[WhiteElo "1955"]
[BlackElo "1995"]

1.d4 d5 2.Nf3 e6 3.c4 f5 4.Nc3 Nf6 5.g3 c6 6.Bg2 Bd6 7.O-O O-O 8.b3 Ne4 9.Qc2
Nd7 10.a4 Nxc3 11.Qxc3 a5 12.Ba3 Bxa3 13.Rxa3 Qe7 14.Ra2 Re8 15.Rd1 b6 16.cxd5
cxd5 17.Rc2 Ba6 18.Qe3 Qd6 19.Rdc1 Rac8 20.Qd2 Rxc2 21.Rxc2 Rc8 22.Rxc8+ Bxc8
23.Qg5 Nf6 24.Qc1 Ba6 25.Qc2 Nd7 26.h3 h6 27.Bf1 Bb7 28.e3 Qc6 29.Qb2 Qd6
30.Bb5 Bc6 31.Ba6 Kh7 32.Bc8 Nf6 33.Ne5 Bd7 34.Qc2 Be8 35.g4 g6 36.Qd3 b5
37.axb5 Qb6 38.Ba6 Ne4 39.Qc2 Qd8 40.Nf3 h5 41.gxh5 g5 42.Qc8 Qe7 43.b6 g4
44.Qc7 Bd7 45.Ne5 Nf6 46.hxg4 fxg4 47.b7 {#r} 1-0

[Event "March Lviv Tradition IMA"]
[Site "masterchessopen.com Lviv UKR"]
[Date "2017.03.24"]
[Round "7.3"]
[White "Bondarets,V"]
[Black "Krzywda,A"]
[Result "0-1"]
[WhiteElo "2266"]
[BlackElo "2132"]

1.c4 Nf6 2.Nf3 e6 3.b3 d5 4.Bb2 Be7 5.g3 O-O 6.Bg2 c5 7.cxd5 exd5 8.O-O Nc6
9.d4 b6 10.Nc3 Re8 11.Rc1 Ba6 12.Re1 Rc8 13.e3 Bf8 14.a3 Bb7 15.Ne2 Ne4 16.Nf4
Na5 17.dxc5 bxc5 18.Nh4 Qb6 19.Qg4 Qxb3 20.Rb1 Qc2 21.Bxe4 Qxe4 22.f3 Qc2
23.Nh5 d4 24.Nf6+ Kh8 25.Nxe8 Rxe8 26.Qd7 Bc6 27.Qxf7 dxe3 28.Nf5 Qf2+ {#R}
0-1

[Event "March Lviv Tradition IMA"]
[Site "masterchessopen.com Lviv UKR"]
[Date "2017.03.24"]
[Round "7.4"]
[White "Terletsky,O"]
[Black "Burnett,A"]
[Result "0-1"]
[WhiteElo "2279"]
[BlackElo "2162"]

1.e4 c5 2.Nf3 d6 3.d4 Nf6 4.Nc3 cxd4 5.Nxd4 Nc6 6.Bc4 g6 7.f3 Bg7 8.Be3 Bd7
9.Qd2 O-O 10.O-O-O Rc8 11.Bb3 Ne5 12.h4 h5 13.Kb1 Nc4 14.Bxc4 Rxc4 15.Nb3 Qc7
16.g4 Rxc3 17.bxc3 Bxg4 18.e5 dxe5 19.fxg4 hxg4 20.Qd3 Rc8 21.Bc5 b6 22.Ba3 e4
23.Qe3 e6 24.Bd6 Qc6 25.Be5 Nd5 26.Rxd5 Qxd5 27.Bxg7 Kxg7 28.h5 gxh5 29.Nd2
Kg6 30.Nxe4 Rc4 31.Ng3 Qf3 32.Qe5 Rc5 33.Qb8 Rb5+ {#R} 0-1

[Event "March Lviv Tradition IMB"]
[Site "masterchessopen.com Lviv UKR"]
[Date "2017.03.24"]
[Round "6.1"]
[White "Krykun,Yuriy"]
[Black "Bilych,Olexiy"]
[Result "1-0"]
[WhiteElo "2238"]
[BlackElo "1967"]

1.d4 Nf6 2.c4 e6 3.Nc3 Bb4 4.e3 b6 5.Ne2 Ba6 6.a3 Bxc3+ 7.Nxc3 d5 8.b3 O-O
9.Be2 c5 10.dxc5 bxc5 11.O-O Nc6 12.a4 Nb4 13.Nb5 Bb7 14.cxd5 Nfxd5 15.Bb2 Qg5
16.Bf3 Rad8 17.Qe2 Rd7 18.Rac1 Rfd8 19.Rxc5 Qg6 20.Rc4 f5 21.Be5 a5 22.e4 Nb6
23.exf5 Qxf5 24.Rf4 Bxf3 25.Rxf3 Qg6 26.Rg3 Qf7 27.Rxg7+ {#r} 1-0

[Event "March Lviv Tradition IMB"]
[Site "masterchessopen.com Lviv UKR"]
[Date "2017.03.24"]
[Round "6.2"]
[White "Rozycki,B"]
[Black "Frolov,Artu"]
[Result "0-1"]
[WhiteElo "2166"]
[BlackElo "2390"]

1.e4 c5 2.Nf3 Nc6 3.Bb5 g6 4.Bxc6 bxc6 5.O-O Bg7 6.c3 d6 7.Re1 Nh6 8.d4 cxd4
9.cxd4 O-O 10.h3 f6 11.Nc3 Nf7 12.b3 e5 13.dxe5 fxe5 14.Bb2 Ng5 15.Re3 Ne6
16.Rd3 Nd4 17.Nxd4 exd4 18.Rxd4 Bxh3 19.gxh3 Qg5+ 20.Kf1 Qe3 21.Rd2 Qxh3+
22.Kg1 Be5 23.f3 Rxf3 24.Rg2 Rg3 {#R} 0-1

[Event "March Lviv Tradition IMB"]
[Site "masterchessopen.com Lviv UKR"]
[Date "2017.03.24"]
[Round "6.5"]
[White "Kagramanianz,V"]
[Black "Gavrish,L"]
[Result "0-1"]
[WhiteElo "2292"]
[BlackElo "2217"]

1.e4 d6 2.d4 Nf6 3.Nc3 g6 4.f4 Bg7 5.e5 dxe5 6.dxe5 Qxd1+ 7.Kxd1 Ng4 8.Ke1 c6
9.h3 Nh6 10.g4 f6 11.exf6 exf6 12.Nf3 f5 13.g5 Nf7 14.Bc4 Nd6 15.Bb3 Nd7
16.Be3 Kd8 17.Rd1 Kc7 18.Bd4 Bxd4 19.Nxd4 Nc5 20.Rh2 Re8+ 21.Re2 Bd7 22.Nf3
Rxe2+ 23.Nxe2 a5 24.c3 a4 25.Bc2 Nc4 26.Rb1 Be6 27.Kf2 Bd5 28.Ned4 Be4 29.Ne1
a3 30.b3 Bxc2 31.Nexc2 Ne4+ 32.Kg1 Nxc3 33.Re1 Nd6 34.Re7+ Kb6 35.Rxh7 c5
36.Nf3 Ne2+ 37.Kf1 Nxf4 38.h4 Ne4 39.Ne5 Rd8 40.Nd7+ Kc6 41.Ne5+ Kd5 42.Nc4 b5
43.N4xa3 Kc6 44.Ne3 Rd2 45.Nac2 Rf2+ 46.Ke1 Nd3+ {#R} 0-1

[Event "March Lviv Tradition IMB"]
[Site "masterchessopen.com Lviv UKR"]
[Date "2017.03.24"]
[Round "7.2"]
[White "Dolzhykova,Kateryna"]
[Black "Kagramanianz,V"]
[Result "0-1"]
[WhiteElo "2243"]
[BlackElo "2292"]

1.e4 e6 2.d4 d5 3.exd5 exd5 4.Nf3 Nf6 5.Bg5 Be7 6.Bd3 O-O 7.O-O Bg4 8.Nbd2 Bh5
9.c3 Nbd7 10.Qc2 Bg6 11.Bxg6 hxg6 12.Rae1 c6 13.Ne5 Bd6 14.f4 Qc7 15.f5 Nxe5
16.dxe5 Bxe5 17.Nf3 Ne4 18.fxg6 fxg6 19.Rxe4 dxe4 20.Qxe4 Bf4 21.Re1 Qf7
22.Bxf4 Qxf4 23.Qxg6 Qf5 24.Qg3 Rae8 25.h4 Re4 26.Rxe4 Qxe4 27.h5 Qb1+ 28.Kh2
Qf5 29.Kg1 Qxh5 30.Ng5 Rd8 31.Qf4 Qd1+ 32.Kh2 Qd6 33.Qxd6 Rxd6 34.Ne4 Re6
35.Nc5 Re2 36.Nxb7 Rxb2 37.Na5 Rxa2 38.Nxc6 a5 39.c4 a4 {#R} 0-1

[Event "March Lviv Tradition IMB"]
[Site "masterchessopen.com Lviv UKR"]
[Date "2017.03.24"]
[Round "7.4"]
[White "Frolov,Artu"]
[Black "Goluch,P"]
[Result "1-0"]
[WhiteElo "2390"]
[BlackElo "2288"]

1.e4 c6 2.d4 d5 3.Nd2 dxe4 4.Nxe4 Bf5 5.Ng3 Bg6 6.h4 h6 7.Nf3 e6 8.h5 Bh7
9.Bd3 Bxd3 10.Qxd3 Nf6 11.Bf4 Qa5+ 12.Bd2 Bb4 13.a3 Bxd2+ 14.Qxd2 Qxd2+
15.Kxd2 Nbd7 16.Rad1 Rc8 17.Rh4 Ke7 18.c4 Rhd8 19.Kc3 b5 20.b3 bxc4 21.bxc4
Rb8 22.Kc2 Rb6 23.c5 Rb5 24.Rb1 Rdb8 25.Rxb5 Rxb5 26.Nd2 a5 27.Nge4 Nxe4
28.Nxe4 e5 29.Nd6 Rb8 30.dxe5 Nxc5 31.Rg4 Nd7 32.f4 Kf8 33.Nf5 Nc5 34.Rxg7 Ne6
35.Rg4 c5 36.Nxh6 Nd4+ 37.Kd3 Rb6 38.Rg8+ Ke7 39.Ng4 Ne6 40.Nf6 c4+ 41.Kc3
{#r} 1-0

[Event "NH Closed 2017"]
[Site "masterchessopen.com Manchester USA"]
[Date "2017.03.24"]
[Round "1"]
[White "Elmore,John P"]
[Black "Fang,J"]
[Result "0-1"]
[WhiteElo "1909"]
[BlackElo "2321"]
[EventType "tourn"]

1.e4 e5 2.Nf3 Nc6 3.Bb5 a6 4.Ba4 Nf6 5.O-O Be7 6.Re1 b5 7.Bb3 O-O 8.h3 Bb7
9.c3 d5 10.exd5 Nxd5 11.d4 exd4 12.Nxd4 Nxd4 13.Qxd4 c5 14.Qe4 c4 15.Bc2 f5
16.Qe2 Bc5 17.Qh5 Qb6 18.Qh4 Rae8 19.Rf1 Re2 20.Bd1 Bxf2+ 21.Rxf2 Re1+ 22.Kh2
Qd6+ {#R} 0-1

[Event "29th TCh-IRQ 2017"]
[Site "masterchessopen.com Baghdad IRQ"]
[Date "2017.03.24"]
[Round "9"]
[White "Gagunashvili,M"]
[Black "Shlaga,J"]
[Result "1-0"]
[WhiteElo "2567"]
[BlackElo "1949"]
[EventType "team"]

1.e4 d6 2.d4 b6 3.Nc3 Bb7 4.f4 e6 5.Nf3 Nd7 6.Bd3 a6 7.O-O Be7 8.Qe1 Ngf6 9.e5
Nd5 10.Ne4 b5 11.Bd2 O-O 12.Qg3 f5 13.exf6 N7xf6 14.Neg5 Bc8 15.Rae1 c5 16.c3
Nc7 17.dxc5 dxc5 18.Bc2 Qe8 19.Ne5 Bb7 20.Qh3 g6 21.Nxh7 Qd8 22.Bxg6 Ncd5
23.Ng5 c4 24.Bh7+ {#r} 1-0

[Event "29th TCh-IRQ 2017"]
[Site "masterchessopen.com Baghdad IRQ"]
[Date "2017.03.24"]
[Round "9"]
[White "Ali,Ak"]
[Black "Jaafer,Hayder A. Jaafer"]
[Result "1-0"]
[WhiteElo "2278"]
[BlackElo "1710"]
[EventType "team"]

1.e4 e6 2.d4 d5 3.e5 c5 4.c3 Qb6 5.Nf3 Nc6 6.a3 a6 7.b4 cxd4 8.cxd4 h5 9.Bd3
Nh6 10.Be3 Nf5 11.O-O Be7 12.Nc3 O-O 13.Bxf5 exf5 14.Nxd5 Qd8 15.Nf4 Be6 16.d5
{#r} 1-0

[Event "29th TCh-IRQ 2017"]
[Site "masterchessopen.com Baghdad IRQ"]
[Date "2017.03.24"]
[Round "9"]
[White "Mohammed Tareq Abbood Al-Latoof"]
[Black "Ali,L"]
[Result "0-1"]
[WhiteElo "1920"]
[BlackElo "2264"]
[EventType "team"]

1.d4 Nf6 2.Nf3 e6 3.Bf4 c5 4.e3 cxd4 5.exd4 b6 6.Nbd2 Bb7 7.Bd3 Be7 8.c3 O-O
9.Qc2 Ba6 10.Bxa6 Nxa6 11.g4 b5 12.Ne4 Nxe4 13.Qxe4 b4 14.h4 bxc3 15.bxc3 Qa5
16.Bd2 Nc7 17.Ng5 f5 18.gxf5 Rxf5 19.Rg1 Raf8 20.Rg3 Ne8 21.Nh3 Nf6 22.Qg2 Nh5
23.Rg4 Kh8 24.Qe4 Nf6 25.Qg2 Nxg4 26.Qxg4 Qd5 27.Ke2 Qf3+ 28.Qxf3 Rxf3 29.Rh1
R3f5 30.Be3 Ra5 31.Rb1 Rxa2+ 32.Kd3 Bxh4 33.Rb7 d5 34.Nf4 Ra6 35.Nh5 h6
36.Nxg7 Bg5 37.Nh5 Ra3 38.f4 Bh4 39.f5 Rxf5 40.Nf4 Bg5 41.Ng6+ Kg8 42.Ne7+
Bxe7 43.Rxe7 Rf6 44.Rc7 Ra2 45.Rb7 a5 46.Ra7 a4 47.Bc1 Rf3+ 48.Be3 Rg2 {#R}
0-1

[Event "29th TCh-IRQ 2017"]
[Site "masterchessopen.com Baghdad IRQ"]
[Date "2017.03.24"]
[Round "9"]
[White "Khodashenas,M"]
[Black "Sati'a,D"]
[Result "1-0"]
[WhiteElo "2366"]
[BlackElo "1840"]
[EventType "team"]

1.e4 c5 2.Nf3 d6 3.d4 cxd4 4.Nxd4 Nf6 5.Nc3 g6 6.Be2 Bg7 7.O-O O-O 8.Re1 Nc6
9.Nb3 Be6 10.Bf1 a5 11.a4 Nb4 12.Nd4 Bg4 13.f3 Bd7 14.Be3 Rc8 15.Qd2 Qc7
16.Kh1 d5 17.e5 Qxe5 18.Bf4 Qh5 19.Rxe7 Rfe8 20.Rae1 Rxe7 21.Rxe7 Re8 22.g4
Qh4 23.Bg5 Ne4 24.Nxe4 {#r} 1-0

[Event "29th TCh-IRQ 2017"]
[Site "masterchessopen.com Baghdad IRQ"]
[Date "2017.03.24"]
[Round "9"]
[White "Isam,N"]
[Black "Hussein,AH"]
[Result "0-1"]
[WhiteElo "1921"]
[BlackElo "2239"]
[EventType "team"]

1.d4 Nf6 2.Nc3 d5 3.Bg5 e6 4.e4 dxe4 5.Nxe4 Be7 6.Bxf6 gxf6 7.c3 Qd5 8.Bd3 f5
9.Ng3 c5 10.dxc5 Qxc5 11.Qh5 Nc6 12.Nf3 Bd7 13.O-O Ne5 14.Nxe5 Qxe5 15.Rfe1
Qf6 16.Qe2 a6 17.Rad1 Rd8 18.Bxf5 exf5 19.Nh5 Qg5 20.Qe5 O-O 21.Qxe7 Qxe7
22.Rxe7 Be6 23.Re1 Bxa2 24.Rxb7 Rd6 25.h3 Bd5 26.Rd1 Bxg2 27.Rxd6 Bxb7 28.Rf6
Rd8 29.Rxf5 Rd3 30.Re5 Kf8 31.Ng3 Rd1+ 32.Kh2 Bd5 33.b4 f6 34.Rf5 Kf7 35.Nh5
Rh1+ 36.Kg3 Be6 37.Rxf6+ Ke7 38.Kg2 Rc1 39.Rh6 Rxc3 40.Nf4 Bg8 41.Rxa6 Rc4
42.Ra7+ Kf6 43.Nd3 Bd5+ 44.Kg1 Rd4 45.Nc5 h5 46.b5 Rd1+ 47.Kh2 h4 48.Nd7+ Kf5
{#R} 0-1

[Event "29th TCh-IRQ 2017"]
[Site "masterchessopen.com Baghdad IRQ"]
[Date "2017.03.24"]
[Round "9"]
[White "Atia,J"]
[Black "Haleem,H"]
[Result "1-0"]
[WhiteElo "2094"]
[BlackElo "1965"]
[EventType "team"]

1.d4 d5 2.c4 e6 3.Nc3 Nf6 4.cxd5 exd5 5.Bg5 Be7 6.Nf3 Nbd7 7.e3 h6 8.Bh4 c6
9.Qc2 O-O 10.Bd3 Re8 11.O-O Ne4 12.Bxe7 Qxe7 13.Rab1 Ndf6 14.Ne5 Ng5 15.b4 Qd6
16.Ne2 Rxe5 17.dxe5 Qxe5 18.Qc3 Qd6 19.Ng3 h5 20.f4 Ne6 21.Rfd1 Ng4 22.Be2 g6
23.Bxg4 hxg4 24.Ne4 Qc7 25.Nf6+ Kf8 26.g3 b6 27.Rbc1 Bb7 28.Nxd5 {#r} 1-0

[Event "29th TCh-IRQ 2017"]
[Site "masterchessopen.com Baghdad IRQ"]
[Date "2017.03.24"]
[Round "10"]
[White "Hussein,AH"]
[Black "Namir,M"]
[Result "1-0"]
[WhiteElo "2239"]
[BlackElo "2179"]
[EventType "team"]

1.e4 c5 2.Nf3 Nc6 3.Nc3 d6 4.Bc4 e6 5.d4 cxd4 6.Nxd4 Bd7 7.Be3 Nf6 8.Qe2 a6
9.Bb3 Be7 10.O-O-O Qc7 11.g4 h6 12.Rhg1 Na5 13.h4 Nxb3+ 14.axb3 Bc6 15.f3 Nd7
16.g5 hxg5 17.hxg5 g6 18.f4 O-O-O 19.f5 exf5 20.exf5 gxf5 21.Nxc6 bxc6
22.Qxa6+ Qb7 23.Qf1 Ne5 24.Qxf5+ Qd7 25.Qe4 Rh3 26.Na4 Qe6 27.Bf4 Rh4 28.Qe3
Rdh8 29.Bxe5 Qxe5 30.Qa7 Bxg5+ 31.Kb1 Be3 32.Nb6+ Bxb6 33.Qxb6 Qc5 34.Qa6+ Kb8
35.Rgf1 Rh2 36.Qd3 R8h6 37.Rxf7 Rh1 38.Rdf1 R6h3 39.Qe4 Rxf1+ 40.Rxf1 Re3
41.Rf8+ Kb7 42.Qh7+ Ka6 43.Ra8+ Kb5 44.c4+ {#r} 1-0

[Event "29th TCh-IRQ 2017"]
[Site "masterchessopen.com Baghdad IRQ"]
[Date "2017.03.24"]
[Round "10"]
[White "Ahmed,Abdu"]
[Black "Didar,Mohammed Zhaher Hassan"]
[Result "1-0"]
[WhiteElo "2221"]
[BlackElo "2225"]
[EventType "team"]

1.e4 Nc6 2.d4 d5 3.Nc3 dxe4 4.d5 Ne5 5.Qd4 Ng6 6.Nxe4 e5 7.Qa4+ Bd7 8.Qb3 b6
9.Nf3 Nf6 10.Bg5 Be7 11.Bxf6 gxf6 12.O-O-O O-O 13.Bb5 f5 14.Ng3 f4 15.Ne4 Bxb5
16.Qxb5 f5 17.d6 fxe4 18.Qc4+ Kg7 19.dxe7 Qxe7 20.Qxe4 Rad8 21.h4 h5 22.Rde1
Rd6 23.Rhg1 Qf7 24.b3 Qd5 25.Qe2 Rfd8 26.g4 Qa5 27.Kb1 hxg4 28.Rxg4 Kf6
29.Reg1 Ne7 30.h5 b5 31.Qxe5+ {#r} 1-0

[Event "29th TCh-IRQ 2017"]
[Site "masterchessopen.com Baghdad IRQ"]
[Date "2017.03.24"]
[Round "10"]
[White "Poormosavi,Seyed Kian"]
[Black "Novikova,M"]
[Result "1-0"]
[WhiteElo "1914"]
[BlackElo "2055"]
[EventType "team"]

1.e4 d5 2.exd5 Qxd5 3.Nc3 Qd8 4.g3 g6 5.Bg2 Bg7 6.Nge2 e5 7.d3 Ne7 8.O-O O-O
9.f4 Nbc6 10.fxe5 Nxe5 11.Bf4 c6 12.Qd2 Nf5 13.Kh1 Be6 14.h3 Qa5 15.Rae1 Rad8
16.Qc1 Rfe8 17.g4 Nd4 18.Nxd4 Rxd4 19.Qe3 Nd7 20.Bh6 Bh8 21.Qf2 f5 22.gxf5
Qxf5 23.Qxf5 gxf5 24.Rxf5 Bf6 25.Rff1 Rh4 26.Bf4 Bxc3 27.bxc3 Bf7 28.Rxe8+
Bxe8 29.Bd6 Rh6 30.Bg3 Re6 31.Bf3 Rf6 32.Kg2 Bf7 33.c4 b6 34.Re1 Kf8 35.Bh4
Rg6+ 36.Kh2 Rh6 37.Be7+ Kg8 38.Rg1+ Kh8 39.Bb4 c5 40.Bc3+ Nf6 41.Bd5 Bxd5
42.cxd5 b5 43.d6 b4 44.d7 {#r} 1-0

[Event "29th TCh-IRQ 2017"]
[Site "masterchessopen.com Baghdad IRQ"]
[Date "2017.03.24"]
[Round "10"]
[White "Majed,K"]
[Black "Saeed,A"]
[Result "0-1"]
[WhiteElo "1945"]
[BlackElo "1858"]
[EventType "team"]

1.e4 c5 2.Nf3 e6 3.c3 Nc6 4.d4 cxd4 5.cxd4 d5 6.e5 Bb4+ 7.Bd2 Qb6 8.a3 Bxd2+
9.Qxd2 Nh6 10.Bd3 Nf5 11.Bxf5 exf5 12.Nc3 Be6 13.O-O O-O 14.b4 a5 15.b5 Ne7
16.a4 h6 17.Rac1 Rac8 18.Ne2 Rc4 19.Rxc4 dxc4 20.Nc3 Rd8 21.Rd1 Nd5 22.Nxd5
Bxd5 23.Qc3 Qg6 24.Ne1 b6 25.Qg3 Qxg3 26.hxg3 c3 27.Rc1 Rc8 28.Nc2 Bb3 29.Ne3
g6 30.d5 Bxa4 31.d6 Bxb5 32.Nd5 Kf8 33.Nc7 Bd7 34.Rxc3 Rb8 35.Kf1 b5 36.Ra3 a4
37.Na6 b4 38.Rxa4 Bxa4 39.Nxb8 b3 {#R} 0-1

[Event "29th TCh-IRQ 2017"]
[Site "masterchessopen.com Baghdad IRQ"]
[Date "2017.03.24"]
[Round "10"]
[White "Emad,Mohsan Moosa"]
[Black "Sajjad,Abbas Khudhair"]
[Result "0-1"]
[WhiteElo "1982"]
[BlackElo "1633"]
[EventType "team"]

1.e4 e5 2.Nf3 Nc6 3.Bb5 Nf6 4.d3 d6 5.c3 Be7 6.Nbd2 O-O 7.O-O Bd7 8.Ba4 Re8
9.Re1 Bf8 10.Nf1 g6 11.Bg5 h6 12.Bh4 Bg7 13.Ne3 Ne7 14.Bb3 c5 15.a4 Qc7 16.Nd2
g5 17.Bg3 Ng6 18.Nd5 Nxd5 19.Bxd5 Be6 20.Qb3 Bxd5 21.Qxd5 Qc6 22.Qb3 Rab8
23.Nc4 d5 24.Na5 Qc7 25.exd5 Qxa5 26.f3 Qd8 27.d4 cxd4 28.cxd4 Nf4 29.dxe5
Qxd5 30.Qxd5 Nxd5 31.Rad1 Nf4 32.Bf2 Bxe5 33.Bxa7 Ra8 34.Bc5 Bxb2 35.Rxe8+
Rxe8 36.Rd2 Re2 37.Rxe2 Nxe2+ 38.Kf2 Bd4+ {#R} 0-1

[Event "29th TCh-IRQ 2017"]
[Site "masterchessopen.com Baghdad IRQ"]
[Date "2017.03.24"]
[Round "10"]
[White "Firas,Forat Hussein"]
[Black "Firas,Q"]
[Result "0-1"]
[WhiteElo "1757"]
[BlackElo "1992"]
[EventType "team"]

1.e4 e6 2.d4 d5 3.Nd2 c5 4.c3 cxd4 5.cxd4 dxe4 6.Nxe4 Bb4+ 7.Nc3 Nc6 8.Nf3 Nf6
9.a3 Bxc3+ 10.bxc3 O-O 11.Bg5 h6 12.Bh4 Qa5 13.Qb3 Nd5 14.Rc1 b6 15.Nd2 Nde7
16.Bd3 Qh5 17.Bg3 e5 18.Nf3 exd4 19.cxd4 Bg4 20.Be4 Be6 21.d5 Na5 22.Qb1 Bxd5
23.O-O Bxe4 24.Qxe4 Nf5 25.Rc7 Nxg3 26.fxg3 Rae8 27.Qb4 Qd5 28.Nh4 Re2 29.Qg4
Re4 30.Qf3 Qd4+ 31.Kh1 Qe3 32.Qf5 Re5 33.Qb1 Nb3 34.Nf3 Nd2 35.Nxd2 Qxd2
36.Rxa7 Re2 37.Rg1 Rfe8 38.Qb3 Rf2 39.h3 Re1 40.Qc4 Rxg1+ {#R} 0-1

[Event "29th TCh-IRQ 2017"]
[Site "masterchessopen.com Baghdad IRQ"]
[Date "2017.03.24"]
[Round "10"]
[White "Waheed,A"]
[Black "Gharagyozian,A"]
[Result "0-1"]
[WhiteElo "1974"]
[BlackElo "2179"]
[EventType "team"]

1.d4 g6 2.Nf3 Bg7 3.c4 Nf6 4.Nc3 O-O 5.e4 d6 6.Be2 Nbd7 7.Be3 e5 8.dxe5 dxe5
9.O-O Re8 10.Qc2 c6 11.Rfd1 Qc7 12.h3 Nh5 13.Bf1 Nf4 14.g3 Ne6 15.Rd2 Bf8
16.Rad1 b6 17.a3 Bc5 18.Qd3 a5 19.Rb1 a4 20.Bxc5 bxc5 21.Qd6 Qxd6 22.Rxd6 Ra6
23.Rd2 Nd4 24.Be2 Nb6 25.Kg2 f6 26.Nxd4 exd4 27.Na2 Rxe4 28.Bf3 Bf5 29.Rc1 Re6
30.Re2 Rxe2 31.Bxe2 Nd7 32.f4 Be4+ 33.Bf3 f5 34.Re1 Nf6 35.Nc1 Rb6 36.Re2 h5
37.Kf2 Kf7 38.Rd2 Bxf3 39.Kxf3 Ne4 40.Re2 Nd6 41.Rc2 Rb8 42.Nd3 Rb3 43.Ke2 Ne4
44.g4 hxg4 45.hxg4 fxg4 {#R} 0-1